00755nam a2200217Ia 4500008004100000020001800041100002700059245004000086250002200126300002800148490002800176650014900204264002700353336002700380337003300407338002800440040003500468084001100503942000800514999001500522161108s9999 xx 000 0 und d a9788433997647 aPiglia, Ricardo, 1941- aEl camino de Ida /c Ricardo Piglia aSegunda edición a289 páginas ;c 22 cm aNarrativas hispánicas aLiteratura Argentina / Novela Argentina / Autores Argentinos / Vida Cotidiana - Novela / Placer - Novela / Intriga - Novela / Asesinato - Novela aBarcelona :b Anagrama atextobtxt2rdacontent asin mediaciónbn2rdamedia avolumenbnc2rdacarrier aCO-BoRNBPbspaerdacCO-BoRNBP aN PIG1 2loc c7499d7499